The printed image and the transformation of popular culture : 1790-1860

Αποθηκεύτηκε σε:
Λεπτομέρειες βιβλιογραφικής εγγραφής
Κύριος συγγραφέας: Anderson, Patricia (Patricia J.)
Μορφή: Βιβλίο
Γλώσσα:English
Δημοσίευση: Oxford : Clarendon , 1994
Θέματα:
Ετικέτες: Προσθήκη ετικέτας
Δεν υπάρχουν, Καταχωρήστε ετικέτα πρώτοι!

MARC

LEADER 00000nam a2200000 i 4500
001 1/5953
008 960619s1994 eng d
020 |a 0-19-818276-7 
035 |l 10016186 
040 |a GR-MY-UA  |b gre  |e aacr 
041 0 |a eng 
082 0 |a 302.232 
100 1 |a Anderson, Patricia  |q (Patricia J.) 
245 1 4 |a The printed image and the transformation of popular culture :  |b 1790-1860 /  |c Patricia Anderson 
260 |a Oxford :   |b Clarendon ,   |c 1994 
300 |a 211 p.  |b ill. 
504 |a Includes bibliographical references and index 
650 0 0 |a Popular culture  |z Great Britain  |x History  |y 19th century. 
650 0 0 |a Working class  |x Books and reading  |z Great Britain  |x History  |y 19th century. 
650 0 0 |a Popular literature  |x Publishing  |z Great Britain  |x History  |y 19th century. 
650 0 0 |a Illustrated books  |x Publishing  |z Great Britain  |x History  |y 19th century. 
650 0 0 |a Pictures  |x Printing  |z Great Britain  |x History  |y 19th century. 
650 0 0 |a Illustration of books  |z Great Britain  |y 19th century. 
650 0 0 |a Popular literature  |z Great Britain  |x Illustrations. 
852 |a INST  |b LESVOS  |e 19960619  |h 302.232 AND  |p 005100009900  |q 005100009900  |t BK  |y 0 
909 |a Λ  |b 044196